What Life was Like among samurai and shoguns Japan AD 1000-1700 / (Record no. 11048)

MARC details
000 -LEADER
campo de control de longitud fija 00351nam a2200133Ia 4500
005 - FECHA Y HORA DE LA ÚLTIMA TRANSACCIÓN
campo de control 20260328104313.0
008 - DATOS DE LONGITUD FIJA--INFORMACIÓN GENERAL
campo de control de longitud fija 260328s9999||||xx |||||||||||||| ||und||
100 ## - ENTRADA PRINCIPAL--NOMBRE DE PERSONA
Nombre de persona Pitts, Alan
245 #0 - MENCIÓN DEL TÍTULO
Título What Life was Like among samurai and shoguns Japan AD 1000-1700 /
Mención de responsabilidad, etc. Alan Pitts
260 ## - PUBLICACIÓN, DISTRIBUCIÓN, ETC.
Nombre del editor, distribuidor, etc. Time Life
300 ## - DESCRIPCIÓN FÍSICA
Extensión 144 p.
650 ## - PUNTO DE ACCESO ADICIONAL DE MATERIA--TÉRMINO DE MATERIA
Término de materia o nombre geográfico como elemento de entrada JAPON
942 ## - ELEMENTOS DE ENTRADA SECUNDARIOS (KOHA)
Tipo de ítem Koha Referencia
Holdings
Estatus retirado Estado de pérdida Estado de daño No para préstamo Colección Biblioteca de origen Biblioteca actual Ubicación en estantería Fecha de adquisición Número de inventario Total de préstamos Signatura topográfica completa Código de barras Visto por última vez Copia número Precio de reemplazo Tipo de ítem Koha
        Referencia Biblioteca Gonzalo Peláez Caldas Biblioteca Gonzalo Peláez Caldas Referencia 28/03/2026 5293   R 700 P6873 5293 28/03/2026 1 28/03/2026 Libros